000 00760nam a2200217 u 4500
005 20241129063739.0
008 160209s2010 ag r 000 0 spa d
020 _a9789871296385
035 _aUPN01000208046
049 _aI
050 4 _aPZ76.3
_bW3.44
100 1 _aWatts, Frances
_938382
245 1 3 _aEl libro sobre libros del conejo Mateo /
_cFrances Watts ; il. David Legge ; tr. Ana María Cabanellas.
260 _aBuenos Aires :
_bUnaluna,
_c2010.
300 _a[16] p. :
_bprincipalmente il. col.
534 _pTítulo original :
_tParsley rabbit's book about books
650 4 _aConejos
_vCuentos y leyendas
_922085
650 7 _aLibros ilustrados para niños
_2
_921365
650 4 _aLITERATURA INFANTIL AUSTRALIANA
_916242
905 _aInfantil
999 _c180147
_d180147